15 Największych Miast w Indiach na Mapie - Statystyki

Ogólne statystyki
  • Ten quiz został rozwiązany 39 razy
  • Średni wynik to 7 z 15
Odpowiedzi na mapie
Odpowiedzi zakodowano w zielono-czerwonej skali na mapie do tego quizu, zgodnie z poniższymi procentami.
 
Statystyki odpowiedzi
Miasto Populacja % Poprawnych
Delhi 11 mln
92%
Mumbaj 12,4 mln
92%
Kolkata 4,5 mln
77%
Bengaluru / Bangalore 8,5 mln
69%
Ćennaj 4,7 mln
69%
Ahmadabad 5,8 mln
46%
Hajdarabad 6,8 mln
46%
Jaipur / Dźajpur 3 mln
38%
Lucknow 2,8 mln
38%
Pune 3,1 mln
31%
Surat 4,5 mln
15%
Thane 1,8 mln
15%
Indore 2 mln
8%
Kanpur 2,8 mln
8%
Nagpur 2,4 mln
8%
Nie znaleziono quizów pasujących do podanych kryteriów
Rozkład punktacji
Procent ludzi z każdym wynikiem
Percentyl według liczby udzielonych odpowiedzi
Twoja historia wyników
Nie rozwiązałeś tego quizu